Davis's Drug Guide For Nurses (Record no. 54595)

MARC details
000 -LEADER
fixed length control field 00390nam a2200157Ia 4500
008 - FIXED-LENGTH DATA ELEMENTS--GENERAL INFORMATION
fixed length control field 220603s9999 xx 000 0 und d
082 ## - DEWEY DECIMAL CLASSIFICATION NUMBER
Classification number 615.1
Item number VAL
100 ## - MAIN ENTRY--PERSONAL NAME
Personal name Vallerand April
9 (RLIN) 90641
245 ## - TITLE STATEMENT
Title Davis's Drug Guide For Nurses
250 ## - EDITION STATEMENT
Edition statement 13th ed
260 ## - PUBLICATION, DISTRIBUTION, ETC. (IMPRINT)
Place of publication, distribution, etc. Philadelphia
Name of publisher, distributor, etc. F A Davis Company
Date of publication, distribution, etc. 2011
300 ## - PHYSICAL DESCRIPTION
Extent 1494p
365 ## - TRADE PRICE
Price amount
542 ## - INFORMATION RELATING TO COPYRIGHT STATUS
Personal creator death date MSC
Holdings
Withdrawn status Lost status Damaged status Not for loan Home library Current library Date acquired Vendor Bill number Total Checkouts Full call number Barcode Date last seen Bill Date Koha item type Original Barcode
        Smt. Bakul Tambat Institute of Nursing Education Smt. Bakul Tambat Institute of Nursing Education 14/11/2018 B.J.Medical Co-oprative College Stores / 5529   615.1 VAL CD0302 BTIN-CD-302 10/08/2022 20/03/2013 CD CD0302